| 000 | 00791nam a22002412 4500 | ||
|---|---|---|---|
| 001 | 0000021242 | ||
| 005 | 20151217145932.0 | ||
| 008 | 120207s xx 000 0 eng d | ||
| 020 | _a1848602106 : | ||
| 040 |
_aKABU _cKABU |
||
| 245 | 1 | 4 |
_aThe Principles of educational leadership and management / _cedited by Tony Bush, Les Bell and David Middlewood. |
| 250 | _a2nd ed. | ||
| 260 |
_aLondon : _bSage, _c2002. |
||
| 300 | _axvi, 300 p. | ||
| 650 | 0 |
_aSchool management and organization. _@0000153662 |
|
| 650 | 0 |
_aEducational leadership. _@0000158737 |
|
| 700 | 1 |
_aBush, Tony. _@0000182037 |
|
| 700 | 1 |
_aBell, Les. _@0000182038 |
|
| 700 | 1 |
_aMiddlewood, David. _@0000182039 |
|
| 852 | 1 | _9p5198.40 KES | |
| 908 | _a120207 | ||
| 950 | _@1 | ||
| 999 |
_c4263 _d4263 |
||